000 00471nam a2200145 i 4500
001 bg
100 1 _aHippe, Zdzisław.
245 0 _aZastosowanie metod sztucznej inteligencji w chemii :
_bidentyfikacja struktury oraz symulacja reakcji organicznych i projektowanie syntez /
_cZ. Hippe.
260 _aWarszawa,
_c1993.
650 9 _aInteligencja sztuczna
_xstosowanie
_xchemia
040 _cBPK
041 _apol
942 _cKS
008 s pl f |000 0 pol
999 _c5523
_d5523
856 _uhttp://koha.tu.koszalin.pl/cgi-bin/koha/opac-detail.pl?biblionumber=5523
_yKatalog online BPK